| 000 | 00395cam a2200169ua 4500 | ||
|---|---|---|---|
| 003 | OSt | ||
| 005 | 20260213114203.0 | ||
| 008 | 260213b |||||||| |||| 00| 0 eng d | ||
| 041 | _aeng | ||
| 082 |
_a028.703 _bGOV/ST |
||
| 245 | _aStores purchase manual / | ||
| 250 | _a5 / | ||
| 260 |
_aKerala : _bGovernment of Kerala , _c1979. |
||
| 300 | _a136 ; . | ||
| 500 | _a**Reference | ||
| 942 | _cBK | ||
| 999 |
_c8158 _d8158 |
||